Города, основанные до нашей эры - Армагеддон - Statistics

General Stats
  • This quiz has been taken 53 times
  • The average score is 4 of 15
Answers on the Grid
Answers color-coded by a green-red scale on the quiz's grid according to % correct below.
Рим
Багдад
Париж
Киев
Бангкок
Дамаск
Мумбаи
Афины
Гонконг
Анкара
Лондон
Франкфурт
Александрия
Нанкин
Ашхабад
Лейпциг
Алеппо
Варна
Ганновер
Каир
Вена
Ташкент
Киото
Самарканд
Иерусалим
Прага
Дели
Бухарест
Гамбург
Стамбул
 
Answer Stats
Answer % Correct
Рим
87%
Иерусалим
57%
Александрия
50%
Афины
43%
Дамаск
30%
Алеппо
23%
Самарканд
23%
Стамбул
20%
Ашхабад
17%
Париж
13%
Ташкент
13%
Нанкин
3%
Анкара
0%
Варна
0%
Дели
0%
No matching quizzes found
Score Distribution
Percent of People with Each Score
Percentile by Number Answered
Your Score History
You have not taken this quiz